La herencia de los Bisnenti

Збережено в:
Бібліографічні деталі
Автор: Jesi Soligoni, Alessandra (Автор)
Формат: Книга
Мова:Іспанська
Опубліковано: Madrid SM 1988
Редагування:2a. ed
Серія:Gran angular, 71
Предмети:
Теги: Додати тег
Немає тегів, Будьте першим, хто поставить тег для цього запису!

MARC

LEADER 00000nam a2200000 a 4500
001 UCH7280
003 CL-VaPUC
008 091109e19880000SP |||||||||||||||||spa|d
020 |a 8434821133 
082 0 4 |a 853  |b JES  |2 21 
100 0 |a Jesi Soligoni, Alessandra  |e author  |9 543706 
245 1 3 |a La herencia de los Bisnenti 
250 |a 2a. ed 
300 |a 157 p 
942 |c BK 
945 |d 20091109 00:00:00  |a ccalabra 
260 |a Madrid  |b SM  |c 1988 
650 0 |a Literatura  |9 259151 
650 0 |a Literatura italiana  |9 266970 
650 0 |a Novela italiana  |9 265740 
650 7 |a ESCRITORES ITALIANOS  |2 CL-VaPUC  |9 464327 
650 0 |a Ficción   |9 376687 
650 0 |a Lectura  |9 307634 
650 0 |a Narrativa  |9 336727 
651 0 |a Italia  |9 254949 
583 |a last modification  |c 20091109 00:00:00  |k Rodrigo Vera 
490 0 |a Gran angular, 71 
999 |c 337938  |d 337936